Catálogo

MARCOS : (Registro nro. 45331)

Detalles MARC
000 -LEADER
fixed length control field 01062nam a2200193 a 4500
001 - CONTROL NUMBER
control field 45331
005 - DATE AND TIME OF LATEST TRANSACTION
control field 20180714024506.0
008 - FIXED-LENGTH DATA ELEMENTS--GENERAL INFORMATION
fixed length control field 140415s1994 mx 000 0 spa d
020 ## - INTERNATIONAL STANDARD BOOK NUMBER
International Standard Book Number 9684064381
041 ## - LANGUAGE CODE
Language code of text/sound track or separate title spa
082 ## - DEWEY DECIMAL CLASSIFICATION NUMBER
Classification number 322.427275
Item number ROM
100 1# - MAIN ENTRY--PERSONAL NAME
Personal name ROMERO JACOBO, CÉSAR
245 10 - TITLE STATEMENT
Title MARCOS :
Remainder of title ¿UN PROFESIONAL DE LA ESPERANZA?
250 ## - EDITION STATEMENT
Edition statement 1a ed.
260 ## - PUBLICATION, DISTRIBUTION, ETC.
Place of publication, distribution, etc. MEXICO :
Name of publisher, distributor, etc. PLANETA MEXICANA,
Date of publication, distribution, etc. 1994
300 ## - PHYSICAL DESCRIPTION
Extent 968
Dimensions 21 x 12.9 x 1.1
520 ## - SUMMARY, ETC.
Summary, etc. ESTE LIBRO- DOCUMENTADO CON RIGOR Y PROFESIONALISMO. , ADEMÁS DE REVISAR EN DETALLE LA HISTORIA DE ESTE CONTROVERTIDO GUERRILLERO QUE CON LA MAGIA DE LO ESCONDIDO, LA FASCINACIÓN POR LA VIOLENCIA Y EL PODER DE LA PALABRA, HA TENIDO A TODO MÉXICO EN VILO POR LOS GRANDES CAMBIOS DE FIN DE SIGLO, ENJUICIA EL PAPEL DE MANUEL CAMACHO COMO COMISIONADO PARA LA PAZ Y LA RECONSTRUCCIÓN Y SU INCIERTO FUTURO POLÍTICO. HOY CUANDO PARECIERA QUE NOS DEBATIMOS ENTRE DOS VIOLENCIAS : UNA EMANCIPAD
650 14 - SUBJECT ADDED ENTRY--TOPICAL TERM
Topical term or geographic name entry element CIENCIAS POLITICAS
General subdivision CHIAPAS
-- CIENCIAS POLITICAS
-- MEXICO
-- GRUPOS DE PRESION
Existencias
Withdrawn status Lost status Source of classification or shelving scheme Damaged status Not for loan Collection code Home library Current library Shelving location Date acquired Source of acquisition Inventory number Total Checkouts Full call number Barcode Date last seen Date last checked out Price effective from Koha item type
    Dewey Decimal Classification     General Biblioteca Karol Wojtyla Biblioteca Karol Wojtyla Sala general 03/12/2013 Compra 151000000000000000055394   322.427275 ROM 68159 05/01/2026 28/11/2016 03/12/2013 Libro